000
00304nam a2200133Ia 4500
008
170620s9999 xx 000 0 und d
020
_a
8185731365
100
_a
KAMBOJ- P. C
245
0
_a
PHARMACEUTICAL ANALYSIS
260
_b
VALLABH
260
_c
2007
300
_a
631
546
_a
English
690
_a
PHARMACEUTICAL ANALYSIS
999
_c
31352
_d
31352